00665nam a2200193Ia 450000500170000000800410001704000190005804100120007708200200008910000180010924500870012726000510021430000150026550400400028085000100032094200070033099900160033795201180035320230516103701.0131103s9999 xx 000 0 und d aLoreto College aEnglish a823.91bJOY-RYF aRyf,Robert S. 2aA new approach to Joyceb the portrait of the artist as a guidebook cRobert S.Ryf aBerkeleybUniversity of California Pressc1966 a[4],21 p.  aIncludes bibliographical references aLCLIB cBK c4869d55348 00102ddc4070aMAINbMAINd2013-11-04l3o823.91 JOY-RYF 16136pB4736r2025-08-04s2025-07-25w2013-11-04yBKf